Lessons from the hive (Record no. 42042)
[ view plain ]
| 000 -LEADER | |
|---|---|
| fixed length control field | 01364nam a22003134a 4500 |
| 082 04 - DEWEY DECIMAL CLASSIFICATION NUMBER | |
| Classification number | 650.1/3 |
| 100 1# - MAIN ENTRY--AUTHOR NAME | |
| Personal name | Decker, Charles, |
| 245 10 - TITLE STATEMENT | |
| Title | Lessons from the hive |
| 260 ## - PUBLICATION, DISTRIBUTION, ETC. (IMPRINT) | |
| Place of publication | Chicago : |
| Name of publisher | Dearborn Trade Pub., |
| Year of publication | c2004. |
| 300 ## - PHYSICAL DESCRIPTION | |
| Number of Pages | ix, 112 p. |
| 505 0# - FORMATTED CONTENTS NOTE | |
| Formatted contents note | For the sake of change -- Wicks and sticks -- As bees in honey drown -- Loose cannons -- Re-imagining the future -- Feelin' groovy -- Refrigerator wisdom -- New behavior -- Show time. |
| 650 #0 - SUBJECT ADDED ENTRY--TOPICAL TERM | |
| Topical Term | Organizational change. |
| Topical Term | Consolidation and merger of corporations. |
| Topical Term | Management. |
| 856 40 - ELECTRONIC LOCATION AND ACCESS | |
| Uniform Resource Identifier | http://site.ebrary.com/lib/rucke/Doc?id=10069077 |
No items available.
